Loading...
Cracking the SAT and PSAT
| Main Author: | |
|---|---|
| Other Authors: | |
| Format: | Printed Book |
| Language: | Undetermined |
| Published: |
New York
Random house
1997
|
| LEADER | 00549nam a2200157Ia 4500 | ||
|---|---|---|---|
| 008 | 161229s9999 xx 000 0 und d | ||
| 020 | |a 0375754598 | ||
| 082 | |a 001 ROB/CR | ||
| 100 | |a Robinson, Adam | ||
| 245 | |a Cracking the SAT and PSAT | ||
| 260 | |b Random house |a New York |c 1997 | ||
| 300 | |a 665 | ||
| 700 | |a Katzman, John | ||
| 942 | |c BK | ||
| 999 | |c 154470 |d 154470 | ||
| 952 | |0 0 |1 0 |2 ddc |4 0 |6 CE_001_000000000000000_ROBCR |7 0 |9 153547 |a KAUCLV |b KAUCLV |d 2016-12-29 |o CE 001 ROB/CR |p 905779 |r 2016-12-29 |w 2016-12-29 |y BK |z Book transferred from CCBM Library ,Acc.No:8343 | ||